Eurovision 2025 Semi-Final 2 Qualifiers - Sudden Death - Statistics

General Stats
  • This quiz has been taken 139 times
  • The average score is 9 of 10
Answers on the Grid
Answers color-coded by a green-red scale on the quiz's grid according to % correct below.
Armenia
Australia
Austria
Czech Republic
Denmark
Finland
Georgia
Greece
Ireland
Israel
Latvia
Lithuania
Luxembourg
Malta
Montenegro
Serbia
 
Answer Stats
Answer % Correct
Austria
97%
Israel
96%
Greece
94%
Denmark
93%
Armenia
92%
Finland
92%
Latvia
90%
Luxembourg
89%
Lithuania
88%
Malta
88%
No matching quizzes found
Score Distribution
Percent of People with Each Score
Percentile by Number Answered
Your Score History
You have not taken this quiz